<?xml version="1.0" encoding="UTF-8"?>
<collection xmlns="http://www.loc.gov/MARC21/slim">
<record>
  <controlfield tag="001">225461</controlfield>
  <controlfield tag="005">20250630143452.0</controlfield>
  <datafield tag="024" ind1="7" ind2=" ">
    <subfield code="a">urn:nbn:de:hebis:26-opus-149949</subfield>
    <subfield code="2">URN</subfield>
  </datafield>
  <datafield tag="037" ind1=" " ind2=" ">
    <subfield code="a">GSI-2020-00295</subfield>
  </datafield>
  <datafield tag="041" ind1=" " ind2=" ">
    <subfield code="a">English</subfield>
  </datafield>
  <datafield tag="100" ind1="1" ind2=" ">
    <subfield code="a">Miskun, Ivan</subfield>
    <subfield code="0">P:(DE-HGF)0</subfield>
    <subfield code="b">0</subfield>
    <subfield code="g">male</subfield>
  </datafield>
  <datafield tag="245" ind1=" " ind2=" ">
    <subfield code="a">A novel method for the measurement of half-lives and decay branching ratios of exotic nuclei with the FRS Ion Catcher</subfield>
  </datafield>
  <datafield tag="260" ind1=" " ind2=" ">
    <subfield code="a">Giessen</subfield>
    <subfield code="c">2019</subfield>
  </datafield>
  <datafield tag="300" ind1=" " ind2=" ">
    <subfield code="a">131 p.</subfield>
  </datafield>
  <datafield tag="336" ind1="7" ind2=" ">
    <subfield code="a">Output Types/Dissertation</subfield>
    <subfield code="2">DataCite</subfield>
  </datafield>
  <datafield tag="336" ind1="7" ind2=" ">
    <subfield code="a">DISSERTATION</subfield>
    <subfield code="2">ORCID</subfield>
  </datafield>
  <datafield tag="336" ind1="7" ind2=" ">
    <subfield code="a">PHDTHESIS</subfield>
    <subfield code="2">BibTeX</subfield>
  </datafield>
  <datafield tag="336" ind1="7" ind2=" ">
    <subfield code="a">Thesis</subfield>
    <subfield code="0">2</subfield>
    <subfield code="2">EndNote</subfield>
  </datafield>
  <datafield tag="336" ind1="7" ind2=" ">
    <subfield code="a">Dissertation / PhD Thesis</subfield>
    <subfield code="b">phd</subfield>
    <subfield code="m">phd</subfield>
    <subfield code="0">PUB:(DE-HGF)11</subfield>
    <subfield code="s">1714389881_4176772</subfield>
    <subfield code="2">PUB:(DE-HGF)</subfield>
  </datafield>
  <datafield tag="336" ind1="7" ind2=" ">
    <subfield code="a">doctoralThesis</subfield>
    <subfield code="2">DRIVER</subfield>
  </datafield>
  <datafield tag="502" ind1=" " ind2=" ">
    <subfield code="a">Dissertation, Justus-Liebig-Universität Gießen, 2019</subfield>
    <subfield code="c">Justus-Liebig-Universität Gießen</subfield>
    <subfield code="b">Dissertation</subfield>
    <subfield code="d">2019</subfield>
    <subfield code="o">2019-12-20</subfield>
  </datafield>
  <datafield tag="536" ind1=" " ind2=" ">
    <subfield code="a">612 - Cosmic Matter in the Laboratory (POF3-612)</subfield>
    <subfield code="0">G:(DE-HGF)POF3-612</subfield>
    <subfield code="c">POF3-612</subfield>
    <subfield code="f">POF III</subfield>
    <subfield code="x">0</subfield>
  </datafield>
  <datafield tag="536" ind1=" " ind2=" ">
    <subfield code="a">HGS-HIRe - HGS-HIRe for FAIR (HGS-HIRe)</subfield>
    <subfield code="0">G:(DE-Ds200)HGS-HIRe</subfield>
    <subfield code="c">HGS-HIRe</subfield>
    <subfield code="x">1</subfield>
  </datafield>
  <datafield tag="536" ind1=" " ind2=" ">
    <subfield code="a">FAIR Phase-0 - FAIR Phase-0 Research Program (GSI-FAIR-Phase-0)</subfield>
    <subfield code="0">G:(Ds200)GSI-FAIR-Phase-0</subfield>
    <subfield code="c">GSI-FAIR-Phase-0</subfield>
    <subfield code="x">2</subfield>
  </datafield>
  <datafield tag="693" ind1=" " ind2=" ">
    <subfield code="1">EXP:(DE-Ds200)Altdaten-20200803</subfield>
    <subfield code="0">EXP:(DE-Ds200)Altdaten-20200803</subfield>
    <subfield code="a">Facility Altdaten therefore no facility</subfield>
    <subfield code="x">0</subfield>
  </datafield>
  <datafield tag="787" ind1="0" ind2=" ">
    <subfield code="a">Dickel, Timo et.al.</subfield>
    <subfield code="d">2024</subfield>
    <subfield code="i">RelatedTo</subfield>
    <subfield code="0">GSI-2024-00534</subfield>
    <subfield code="r"></subfield>
    <subfield code="t">FRS Ion Catcher</subfield>
  </datafield>
  <datafield tag="909" ind1="C" ind2="O">
    <subfield code="p">VDB</subfield>
    <subfield code="o">oai:repository.gsi.de:225461</subfield>
  </datafield>
  <datafield tag="913" ind1="1" ind2=" ">
    <subfield code="a">DE-HGF</subfield>
    <subfield code="b">Forschungsbereich Materie</subfield>
    <subfield code="l">Materie und Universum</subfield>
    <subfield code="1">G:(DE-HGF)POF3-610</subfield>
    <subfield code="0">G:(DE-HGF)POF3-612</subfield>
    <subfield code="3">G:(DE-HGF)POF3</subfield>
    <subfield code="2">G:(DE-HGF)POF3-600</subfield>
    <subfield code="4">G:(DE-HGF)POF</subfield>
    <subfield code="v">Cosmic Matter in the Laboratory</subfield>
    <subfield code="x">0</subfield>
  </datafield>
  <datafield tag="913" ind1="2" ind2=" ">
    <subfield code="a">DE-HGF</subfield>
    <subfield code="b">Forschungsbereich Materie</subfield>
    <subfield code="l">Matter and the Universe</subfield>
    <subfield code="1">G:(DE-HGF)POF4-610</subfield>
    <subfield code="0">G:(DE-HGF)POF4-612</subfield>
    <subfield code="3">G:(DE-HGF)POF4</subfield>
    <subfield code="2">G:(DE-HGF)POF4-600</subfield>
    <subfield code="4">G:(DE-HGF)POF</subfield>
    <subfield code="v">Cosmic Matter in the Laboratory</subfield>
    <subfield code="x">0</subfield>
  </datafield>
  <datafield tag="914" ind1="1" ind2=" ">
    <subfield code="y">2020</subfield>
  </datafield>
  <datafield tag="920" ind1=" " ind2=" ">
    <subfield code="l">yes</subfield>
  </datafield>
  <datafield tag="920" ind1="1" ind2=" ">
    <subfield code="0">I:(DE-Ds200)FRS-20110310OR124</subfield>
    <subfield code="k">FRS</subfield>
    <subfield code="l">FRS / SFRS Experimente</subfield>
    <subfield code="x">0</subfield>
  </datafield>
  <datafield tag="920" ind1="1" ind2=" ">
    <subfield code="0">I:(DE-Ds200)Coll-FAIR-SuperFRS-EC</subfield>
    <subfield code="k">SuperFRS-EC@FAIR</subfield>
    <subfield code="l">SuperFRS Experiment Collaboration</subfield>
    <subfield code="x">1</subfield>
  </datafield>
  <datafield tag="980" ind1=" " ind2=" ">
    <subfield code="a">phd</subfield>
  </datafield>
  <datafield tag="980" ind1=" " ind2=" ">
    <subfield code="a">VDB</subfield>
  </datafield>
  <datafield tag="980" ind1=" " ind2=" ">
    <subfield code="a">I:(DE-Ds200)FRS-20110310OR124</subfield>
  </datafield>
  <datafield tag="980" ind1=" " ind2=" ">
    <subfield code="a">UNRESTRICTED</subfield>
  </datafield>
  <datafield tag="980" ind1=" " ind2=" ">
    <subfield code="a">I:(DE-Ds200)Coll-FAIR-SuperFRS-EC</subfield>
  </datafield>
</record>
</collection>